Bratislava – Nové Mesto – urbanistická štúdia riešenia rozvojovej osi Vajnorská

Uložené v:
Podrobná bibliografia
Hlavný autor: Gáliková, Katarína (Autor)
Ďalší autori: Görner, Karol (Vedúci práce)
Médium: Rukopis Kniha
Jazyk:Slovak
Vydavateľské údaje: 2024
Predmet:
On-line prístup:http://is.stuba.sk/zp/portal_zp.pl?podrobnosti=178477
Tagy: Pridať tag
Žiadne tagy, Buďte prvý, kto otaguje tento záznam!

MARC

LEADER 00000ntm a22000003a 4500
001 stuzp98493
003 SK-STU
005 20240608212201.5
007 ta
008 150427s2015----xo-----f-mn---000-0-slo-d
040 |a STU  |b slo 
041 0 |a slo 
100 1 |a Gáliková, Katarína  |u 056160  |4 aut  |U FAD Fakulta architektúry a dizajnu  |T FAD Ústav urbanizmu a územného plánovania  |X 99327  |U A6160  |Y 397  |7 99327 
242 0 1 |a Bratislava – Nové Mesto – Urban Study of Vajnorská Development Axis  |y eng 
245 1 0 |a Bratislava – Nové Mesto – urbanistická štúdia riešenia rozvojovej osi Vajnorská 
260 |c 2024 
650 4 |a Bratislava  |2 slo 
650 4 |a Dimitrovka  |2 slo 
650 4 |a mestská štvrť  |2 slo 
650 4 |a lineárny park  |2 slo 
650 4 |a Nové Mesto  |2 slo 
650 4 |a Vajnorská ulica  |2 slo 
650 4 |a brownfield  |2 slo 
650 4 |a linear park  |2 eng 
650 4 |a urban district  |2 eng 
650 4 |a Vajnorská Street  |2 eng 
650 4 |a brownfield  |2 eng 
650 4 |a Nové Mesto  |2 eng 
650 4 |a Bratislava  |2 eng 
650 4 |a Dimitrovka  |2 eng 
700 1 |a Görner, Karol  |u 056160  |k Z1  |4 ths  |U FAD Fakulta architektúry a dizajnu  |T FAD Ústav urbanizmu a územného plánovania  |X 48912  |U A6160  |Y 397  |7 A000048912 
856 4 |u http://is.stuba.sk/zp/portal_zp.pl?podrobnosti=178477